Formen und Symbole #2 - Statistiken

Allgemein
  • Dieses Quiz wurde 5.536 mal gespielt
  • Das Durchschnittsergebnis liegt bei 14 aus 20
Antwortstatistiken
Bildquiz Antwort % Korrekt
Marssymbol
94%
Anker
91%
Friedenszeichen
91%
Quadratwurzel
91%
Würfel
90%
Kleeblatt
88%
Bluetooth
87%
Oval
87%
Kegel
84%
Recycling
82%
Atom
79%
Pik
78%
Spirale
72%
Parallelogramm
65%
Rhombus
53%
Anarchie
46%
Violinschlüssel
43%
Biogefährdung
25%
Shaka
11%
Darwin-Fisch
6%
Keine übereinstimmenden Quizze gefunden
Verteilung der Resultate
Anzahl Personen mit jedem Resultat
Perzentil nach korrekt beantworteten Fragen
Ihre Resultats-Entwicklung
Sie haben dieses Quiz noch nicht gespielt